[Event "ROU-ch Women 2019"]
[Site "Olanesti"]
[Date "2019.03.05"]
[Round "4.19"]
[White "Visanescu, Daria-Ioana"]
[Black "Sgircea, Silvia-Raluca"]
[Result "0-1"]
[WhiteElo "2084"]
[BlackElo "2252"]
[Annotator "NA"]
[PlyCount "82"]
[EventDate "2019.03.02"]
[EventType "swiss"]
[EventCountry "ROU"]
[SourceTitle "playchess.com"]
[Source "ChessBase"]
[SourceQuality "1"]
[TimeControl "40/5400+30:1800+30"]

1. e4 {[%emt 0:00:36]} c5 {[%emt 0:00:00]} 2. c3 {[%emt 0:00:21]} d5 {[%emt 0:00:01]} 3. exd5 {[%emt 0:00:18]} Qxd5 {[%emt 0:00:02]} 4. d4 e6 {[%emt 0:00:29]} 5. Nf3 {[%emt 0:00:38]} Nf6 {[%emt 0:00:12]} 6. Be2 {[%emt 0:01:14]} Be7 {[%emt 0:00:45]} 7. O-O {[%emt 0:00:34]} O-O {[%emt 0:00:06]} 8. Be3 {[%emt 0:00:02]} cxd4 {[%emt 0:01:13]} 9. Nxd4 {[%emt 0:02:06] B22: Sicilian: 2 c3} (9. cxd4 Nc6 10. Nc3 Qd6 11. Qb3 b6 12. Rfd1 Bb7 13. Bg5 Rfd8 14. Bh4 Qb4 15. Qxb4 Nxb4 16. Rac1 Rac8 17. Ne5 Kf8 18. a3 Nbd5 19. Nxd5 Nxd5 {0-1 (57) Shkapenko,P (2421)-Panarin,M (2555) St Petersburg 2014}) 9... Rd8 {[%emt 0:01:49]} 10. Qc2 {[%emt 0:03:05]} a6 $146 {[%emt 0:05:34]} ({Predecessor:} 10... Nc6 11. Nxc6 Qxc6 12. Bf3 Qc7 13. Rd1 Bd7 14. Qb3 Bc6 15. Nd2 Nd5 16. Bxd5 Bxd5 {½-½ (41) Steiniger,F (1510)-Gucaga,A (1781) Kouty nad Desnou 2015}) 11. Rd1 {[%emt 0:01:24]} Qa5 {[%emt 0:00:47]} 12. Nd2 {[%emt 0:00:41]} Nbd7 {[%emt 0:00:38]} (12... Qc7 $11) 13. b4 {[%emt 0:03:16]} Qc7 {[%emt 0:00:24]} 14. Qb3 {[%emt 0:00:09]} Nd5 {[%emt 0:05:25]} 15. Rac1 {[%emt 0:02:29]} Nxe3 {[%emt 0:04:58]} 16. fxe3 {[%emt 0:00:06]} Nf6 {[%emt 0:03:52]} 17. Qc4 {[%emt 0:16:15]} Qb6 {[%emt 0:16:54]} 18. Qb3 {[%emt 0:07:10]} e5 {[%emt 0:08:26]} 19. Nc2 {[%emt 0:05:40]} Bf5 {[%emt 0:05:47]} 20. Nf1 {[%emt 0:01:48]} Ng4 {[%emt 0:05:29]} 21. Bxg4 {[%emt 0:06:43]} Bxg4 {[%emt 0:00:02]} 22. Rxd8+ {[%emt 0:00:39]} Rxd8 {[%emt 0:00:03]} 23. Kh1 {[%emt 0:00:46]} Qf6 {[%emt 0:10:37]} 24. Qc4 {[%emt 0:06:59]} Be6 {[%emt 0:01:10]} 25. Qe2 {[%emt 0:04:10]} Rc8 {[%emt 0:01:59]} 26. Ng3 {[%emt 0:02:52]} Bxa2 {[%emt 0:03:05]} 27. Rf1 {[%emt 0:03:51]} Qe6 {[%emt 0:07:17]} 28. Qe1 {[%emt 0:03:53]} Qb3 {[%emt 0:02:32]} 29. Nf5 {[%emt 0:01:23]} Bf8 {[%emt 0:00:14]} 30. Qe2 {[%emt 0:10:23]} Qxc3 {[%emt 0:01:31]} 31. Rf2 {[%emt 0:00:32]} Be6 {[%emt 0:01:12]} 32. e4 {[%emt 0:00:45]} Bxf5 {[%emt 0:05:16]} 33. exf5 {[%emt 0:00:07]} Bxb4 {[%emt 0:00:48]} 34. f6 {[%emt 0:01:05]} g6 {[%emt 0:01:41]} 35. h3 {[%emt 0:00:09]} Bf8 {[%emt 0:00:18]} 36. Ne3 {[%emt 0:01:23]} e4 {[%emt 0:00:54]} 37. Ng4 {[%emt 0:02:50]} h5 {[%emt 0:01:11]} 38. Ne3 {[%emt 0:00:24]} Qd3 {[%emt 0:01:06]} 39. Qe1 $19 {[%emt 0:00:25]} b5 {[%emt 0:01:17]} 40. g4 {[%emt 0:00:00]} Bh6 {[%emt 0:00:00]} 41. Re2 {[%emt 0:01:35]} Rc3 {[%emt 0:02:17]} 0-1

[Event "ROU-ch Women 2019"]
[Site "Olanesti"]
[Date "2019.03.05"]
[Round "4.20"]
[White "Schiopu, Andreea-Alexandra"]
[Black "Aciu, Malina-Andreea"]
[Result "0-1"]
[WhiteElo "1641"]
[BlackElo "1980"]
[Annotator "NA"]
[PlyCount "54"]
[EventDate "2019.03.02"]
[EventType "swiss"]
[EventCountry "ROU"]
[SourceTitle "playchess.com"]
[Source "ChessBase"]
[SourceQuality "1"]
[TimeControl "40/5400+30:1800+30"]

1. Nf3 {[%emt 0:00:00]} Nf6 {[%emt 0:00:00]} 2. c4 {[%emt 0:00:09]} e6 {[%emt 0:00:00]} 3. g3 {[%emt 0:01:44]} d5 {[%emt 0:00:06]} 4. d4 {[%emt 0:01:49]} Bb4+ {[%emt 0:00:07]} 5. Bd2 {[%emt 0:01:59]} Be7 {[%emt 0:00:05]} 6. Bg2 {[%emt 0:00:21]} O-O {[%emt 0:00:08]} 7. O-O {[%emt 0:00:54]} c6 {[%emt 0:00:05]} 8. Qc2 {[%emt 0:02:46]} Nbd7 {[%emt 0:00:48]} 9. c5 {[%emt 0:03:35]} a5 {[%emt 0:04:35]} 10. Rc1 {[%emt 0:03:09]} b6 {[%emt 0:11:19]} 11. b4 {[%emt 0:07:02]} axb4 {[%emt 0:04:59]} 12. Bxb4 {[%emt 0:01:57]} bxc5 {[%emt 0:04:35]} 13. dxc5 {[%emt 0:00:54]} Ba6 {[%emt 0:05:43]} 14. Nd4 {[%emt 0:03:21]} Qc7 {[%emt 0:03:35]} 15. e4 {[%emt 0:04:42]} g6 {[%emt 0:06:04]} 16. Nd2 {[%emt 0:03:47]} Ne5 {[%emt 0:03:58]} 17. Bf1 {[%emt 0:02:57]} Qb7 {[%emt 0:10:23]} 18. a3 {[%emt 0:04:27]} Bxf1 {[%emt 0:02:28]} 19. Rxf1 {[%emt 0:03:55]} Qa6 {[%emt 0:01:25]} 20. f4 {[%emt 0:03:45]} Nd3 {[%emt 0:02:48]} 21. Nxc6 {[%emt 0:01:28]} Qxc6 {[%emt 0:01:08]} 22. Qxd3 {[%emt 0:00:15]} Bxc5+ {[%emt 0:00:18]} 23. Bxc5 {[%emt 0:00:14]} Qxc5+ {[%emt 0:00:04]} 24. Kh1 {[%emt 0:03:02]} dxe4 {[%emt 0:00:10]} 25. Nxe4 {[%emt 0:01:16]} Qc6 {[%emt 0:06:48]} 26. Rfe1 {[%emt 0:02:10]} Ra4 {[%emt 0:01:12]} 27. Qd6 {[%emt 0:00:21]} Qa8 {[%emt 0:01:47]} 0-1

[Event "ROU-ch Women 2019"]
[Site "Olanesti"]
[Date "2019.03.06"]
[Round "5.16"]
[White "Aciu, Malina-Andreea"]
[Black "Peptan, Corina-Isabela"]
[Result "1/2-1/2"]
[WhiteElo "1980"]
[BlackElo "2374"]
[Annotator "TA"]
[PlyCount "141"]
[EventDate "2019.03.02"]
[EventType "swiss"]
[EventCountry "ROU"]
[SourceTitle "playchess.com"]
[Source "ChessBase"]
[SourceQuality "1"]

{[%evp 17,141,40,33,21,22,21,13,3,21,0,0,0,12,0,12,10,36,33,31,31,35,34,31,0,0,0,0,0,0,0,0,0,0,0,-4,-16,-14,-9,0,-32,-26,-23,0,-39,-29,-78,-18,-33,0,0,33,18,64,70,69,24,24,28,69,72,92,28,365,328,716,688,1100,1110,1039,1088,1074,1031,1008,916,897,874,809,765,771,767,749,729,667,534,633,514,495,479,481,475,450,429,566,402,396,410,391,380,568,569,570,562,560,547,490,506,484,462,449,430,685,614,974,0,633,633,919,0,576,0,802,0,508,0,737,0]} 1. e4 e6 2. d4 d5 3. Nd2 c5 4. exd5 exd5 5. Bb5+ Nc6 6. Qe2+ Qe7 7. dxc5 Qxe2+ 8. Nxe2 Bxc5 9. Nb3 Bb6 10. a4 {[%cal Ba2a4,Ba4a5][%mdl 32] C08: French Tarrasch: 3...c5 4 exd5 exd5 sidelines} (10. Ned4 Bd7 11. Be3 Nf6 12. O-O-O O-O 13. Be2 Ne5 14. Bf4 Nc4 15. Bf3 a5 16. Kb1 a4 17. Nc1 Ne4 18. Bxe4 dxe4 {½-½ (65) Paveto,K (2424)-Santiago,Y (2414) Neuquen 2015}) 10... a6 11. Bxc6+ bxc6 12. a5 {The position is equal.} Ba7 $1 13. Be3 Bxe3 14. fxe3 Ke7 $146 ({Predecessor:} 14... Nf6 15. Ned4 Kd7 16. Nc5+ Kd6 17. b4 Re8 {1-0 (73) Roevid,K-Moor,S (2108) Hungary 2007}) 15. Nc5 Rb8 16. Rb1 Nf6 17. Nd4 Kd6 18. b4 Re8 19. Kd2 Ng4 20. Rb3 Ne5 21. Re1 Nc4+ 22. Kd3 Ra8 23. h3 f5 24. Rc3 Ra7 25. Rxc4 dxc4+ 26. Kxc4 Rae7 27. Kd3 g5 28. c4 Kc7 29. Na4 g4 30. hxg4 fxg4 31. Nc3 Kb7 ({Black should try} 31... h5 $17 32. b5 axb5 33. cxb5 Bb7) 32. g3 $11 Re5 33. e4 Rf8 34. Na4 {[%mdl 1024] White has compensation.} Rf2 35. Nc5+ Kc7 36. Rh1 h5 37. Ke3 Rf8 38. Nd3 $1 {[%cal Rd3e5]} Rg5 39. Nf4 (39. e5 $16) 39... Kd6 $2 {[%mdl 8192]} (39... Kb7 $11 {and Black has nothing to worry.}) 40. c5+ Kd7 $2 (40... Ke7 41. Nxc6+ Kd7) 41. Nde6 Rxf4 42. Nxf4 $18 {[%mdl 4096] Endgame KRB-KRN} Ke7 43. Rxh5 Rg7 44. Rh6 Bd7 45. e5 Be8 46. Re6+ Kf8 47. Rd6 {aiming for Ne6+.} Rb7 48. Rd4 Ke7 49. Ke4 Bd7 50. Nh5 Rb8 51. Nf6 Be6 52. Kf4 Rf8 53. Ke3 Rh8 54. Nxg4 Rh5 55. Rf4 Rg5 56. Kf3 Bd5+ 57. Kf2 Be6 (57... Bh1 $142 58. Ke3 Bd5) 58. Ne3 Rxe5 59. g4 Rg5 60. Kf3 Rg8 61. Nf5+ Kd7 62. Rd4+ Bd5+ 63. Kf4 Ke6 (63... Rf8 $142 64. Ke5 Re8+ 65. Kf6 Re6+ 66. Kg7 Re8) 64. Rd1 Rb8 {[#]} 65. Rd4 $2 ({Only move:} 65. b5 $1 $18 cxb5 (65... axb5 66. Re1+) 66. c6 $1 {[%mdl 512]}) 65... Rf8 $2 {[%mdl 8192]} (65... Rg8 $11 66. Rd3 Kd7) 66. Rd2 Rb8 {[#]} 67. Rd4 $2 (67. b5 $1 $18 cxb5 (67... axb5 68. Re2+) 68. c6 $1 {[%mdl 512]}) 67... Rf8 $2 {[%mdl 8192]} (67... Rg8 $11 {and Black is okay.} 68. Rd2 Kd7) 68. Rd1 Rb8 $1 69. Rd4 Rf8 70. Rd2 Rb8 $1 {[#]} 71. Rd4 $2 {Accuracy: White = 63%, Black = 47%.} (71. b5 $1 $18) 1/2-1/2

[Event "ROU-ch Women 2019"]
[Site "Olanesti"]
[Date "2019.03.06"]
[Round "5.17"]
[White "Sgircea, Silvia-Raluca"]
[Black "Dragomirescu, Angela"]
[Result "1-0"]
[WhiteElo "2252"]
[BlackElo "2260"]
[Annotator "TA"]
[PlyCount "79"]
[EventDate "2019.03.02"]
[EventType "swiss"]
[EventCountry "ROU"]
[SourceTitle "playchess.com"]
[Source "ChessBase"]
[SourceQuality "1"]

{[%evp 14,79,28,35,32,24,29,32,37,29,50,29,87,94,107,98,122,115,112,123,134,102,164,120,139,118,137,133,147,89,112,106,99,93,92,57,66,67,81,46,66,19,18,14,25,13,49,25,116,114,210,197,586,587,585,585,576,574,574,562,859,598,598,595,1133,845,1006,759]} 1. Nf3 d6 2. d4 g6 3. e4 Bg7 4. c3 Nf6 5. Bd3 O-O 6. O-O Nc6 7. d5 Nb8 8. c4 e6 {B07: Pirc Defence: Miscellaneous Systems} 9. Nc3 exd5 $146 ({Predecessor:} 9... c6 10. h3 Na6 11. Be3 {1-0 (11) Hauchard,A (2534)-Santarnecchi,M (2170) Dieppe 2015}) 10. cxd5 Nbd7 {White is slightly better.} 11. Re1 a6 12. Bf1 Nh5 (12... Re8 $11 {remains equal.}) 13. Bg5 $36 {[%mdl 2048] Black is under strong pressure.} Qe8 14. h3 Ne5 15. Nd4 c5 16. dxc6 $1 bxc6 17. Be3 Bb7 (17... Qd8 $16) 18. Nb3 Qe7 19. Na5 Qc7 20. Nxb7 Qxb7 21. Rb1 ({White should try} 21. Qxd6 Qxb2 22. Na4) 21... Rfd8 22. f4 Nd7 23. Qf3 Rab8 24. Na4 Nhf6 25. b3 Qb4 26. Bf2 d5 {[%cal Rf6e4]} 27. Bd3 dxe4 28. Bxe4 Nxe4 29. Rxe4 Qa3 30. Qe2 Qd6 (30... Rb5 $11) 31. Rd1 (31. Qxa6 $6 Qd2 $11) 31... Qc7 (31... Qf8 $16 {was called for.}) 32. Re7 $18 (32. Qxa6 $6 Nf6 $16) 32... Bf6 $2 {[#]} (32... Bf8 {is tougher.} 33. Nc5 Bxe7 34. Qxe7 Nxc5 35. Qxc7 Rxd1+ 36. Kh2 Nd7) 33. Bb6 $1 {[%mdl 512] White is clearly winning.} Rxb6 34. Rexd7 $1 {[%mdl 64] Deflection, Decoy} Rxd7 35. Qe8+ {[%mdl 64] Double Attack} Kg7 36. Rxd7 {Qxf7+ would kill now.} Qxf4 {[#] Strongly threatening ...Bd4+.} 37. Rxf7+ (37. Nxb6 Bd4+ 38. Rxd4 Qxd4+ 39. Kh2 Qxb6 $11) 37... Kh6 {White must now prevent ...Rb8.} 38. Qf8+ (38. Nxb6 Bd4+ 39. Kh1 Qc1+ 40. Kh2 Bg1+ 41. Kg3 Qg5+ 42. Kf3 Qh5+ 43. Kg3 Qg5+ 44. Kf3 Qh5+ 45. g4 Qxh3+ 46. Ke2 Qxg4+ 47. Kd2 Qb4+ 48. Kc2 Bxb6 $16) 38... Kh5 39. Rxf6 ({Inferior is} 39. Nxb6 Qc1+ 40. Kf2 (40. Kh2 Qf4+ 41. Kh1 Qc1+ 42. Kh2 Qf4+ 43. Kg1 Qe3+ 44. Kf1 Qd3+ 45. Ke1 Qe3+ 46. Kf1 Qd3+ 47. Ke1 Qe3+ 48. Kf1 $11) 40... Bd4+ {[%mdl 64] Double Attack} 41. Ke2 (41. Kg3 Qe1+ 42. Rf2 Qe5+ 43. Rf4 Qe1+ 44. Rf2 Qe5+ 45. Rf4 Qe3+ 46. Kh2 Qg1+ 47. Kg3 Qe3+ 48. Kh2 Qg1+ 49. Kg3 Qe1+ 50. Rf2 $11) 41... Qc2+ {[%mdl 64] Double Attack} 42. Ke1 Qc1+ 43. Ke2 Qe3+ 44. Kf1 (44. Kd1 Qd3+ 45. Ke1 Qb1+ 46. Ke2 Qe4+ 47. Kf1 Qd3+ 48. Ke1 Qb1+ 49. Ke2 Qe4+ 50. Kf1 Qd3+ 51. Ke1 $11) 44... Qg1+ 45. Ke2 Qe3+ 46. Kf1 (46. Kd1 Qd3+ 47. Ke1 Qb1+ 48. Ke2 Qc2+ 49. Ke1 Bc3+ 50. Kf1 Qd1+ 51. Kf2 Bd4+ {[%mdl 64] Double Attack} 52. Kg3 Qe1+ 53. Rf2 Qe5+ 54. Rf4 Qe1+ 55. Rf2 Be5+ 56. Kf3 Qd1+ 57. Ke3 Qd4+ 58. Ke2 Qb2+ 59. Kf3 Qc3+ 60. Ke2 Qc2+ 61. Ke3 Qc3+ 62. Ke2 Qc2+ 63. Ke3 Qc3+ 64. Ke2 $11) 46... Qg1+ 47. Ke2 Qe3+ $11) 39... Qe3+ 40. Rf2 {Accuracy: White = 65%, Black = 33%.} 1-0

[Event "ROU-ch Women 2019"]
[Site "Olanesti"]
[Date "2019.03.06"]
[Round "5.18"]
[White "Ionescu, Irina"]
[Black "Lehaci, Miruna-Daria"]
[Result "0-1"]
[WhiteElo "2270"]
[BlackElo "2052"]
[Annotator "TA"]
[PlyCount "56"]
[EventDate "2019.03.02"]
[EventType "swiss"]
[EventCountry "ROU"]
[SourceTitle "playchess.com"]
[Source "ChessBase"]
[SourceQuality "1"]

{[%evp 9,56,28,15,15,36,36,28,27,54,43,73,9,50,36,35,34,44,43,50,48,46,0,8,3,0,0,0,0,54,58,70,22,29,7,0,0,46,35,58,0,0,-1364,-1349,-1735,-1694,-29990,-29991,-29991,-29992]} 1. e4 e6 2. d4 d5 3. exd5 exd5 4. Nf3 Nc6 5. Bb5 Bd6 6. c4 {C01: French: Exchange Variation} Bb4+ (6... dxc4 7. d5 a6 8. Ba4 b5 9. dxc6 bxa4 10. O-O Ne7 11. Qxa4 O-O 12. Nbd2 Rb8 13. a3 c3 14. bxc3 Qe8 15. Nd4 Bb7 16. Re1 Bxc6 17. Qxa6 Ba8 18. Ne4 Be5 19. Qd3 Qd7 20. Ng5 {1-0 (32) Gelfand,B (2673)-Alekseev,E (2639) St Petersburg 2018}) 7. Nc3 {Threatens to win with 0-0.} Nge7 8. O-O {Strongly threatening cxd5.White has an edge.} O-O 9. Bg5 f6 $146 {[#]} ({Predecessor:} 9... Be6 10. c5 Bxc3 11. bxc3 f6 12. Bf4 b6 13. Re1 Bd7 {1-0 (45) Natacheev,P (2230)-Smetanov,N (2060) Samara 2012}) 10. Bf4 (10. cxd5 $1 $16 Nxd5 11. Bd2) 10... Be6 11. Bxc6 (11. c5 {seems wilder.} Bxc3 12. bxc3 Qd7 13. Re1 Bf7 14. h3) 11... bxc6 12. c5 {And now Ne2 would win.} Bxc3 13. bxc3 Ng6 14. Bg3 Bg4 15. h3 Bh5 $1 16. Qd3 f5 $1 17. Rfe1 f4 {White must now prevent ...Bxf3.} 18. Bh2 Nh4 (18... Rb8 $11) 19. Nxh4 $14 Qxh4 20. Re6 Bg6 21. Qf3 Bh5 $36 {[%mdl 2048] White is under pressure.} 22. Qd3 Rab8 23. Qd2 Bg6 24. Rae1 ({White should try} 24. Rxc6 $14 Rf7 25. Qe2) 24... Be4 $1 $11 25. f3 $2 {[%mdl 8192] [#]} (25. Rxc6 $11 Rf5 26. Rxc7) 25... Rb2 $1 $19 {[%cal Rb2d2][%mdl 512]} 26. g3 (26. Qxb2 Qxe1#) 26... fxg3 {[%mdl 64] Trapped Piece} 27. R1xe4 gxh2+ 28. Kh1 Qg3 {Accuracy: White = 24%, Black = 61%.} 0-1

[Event "ROU-ch Women 2019"]
[Site "Olanesti"]
[Date "2019.03.06"]
[Round "5.19"]
[White "Cosma, Elena-Luminita"]
[Black "Panainte, Andreea-Bianca"]
[Result "1-0"]
[WhiteElo "2324"]
[BlackElo "1891"]
[Annotator "TA"]
[PlyCount "79"]
[EventDate "2019.03.02"]
[EventType "swiss"]
[EventCountry "ROU"]
[SourceTitle "playchess.com"]
[Source "ChessBase"]
[SourceQuality "1"]

{[%evp 15,79,24,39,40,63,47,49,50,42,41,45,40,64,71,77,73,78,73,77,43,121,122,130,134,128,133,136,110,182,139,118,104,115,73,87,89,86,38,28,16,21,1,80,77,66,73,100,67,91,90,129,115,741,738,698,693,750,733,553,460,830,852,748,712,630,611]} 1. d4 Nf6 2. Nf3 e6 3. c4 Bb4+ 4. Bd2 c5 5. Bxb4 cxb4 6. e3 d6 7. Be2 O-O 8. O-O Nc6 9. a3 {E11: Bogo-Indian} (9. Nbd2 e5 10. d5 Nb8 11. Ne1 a5 12. a3 Na6 13. Nc2 Bf5 14. axb4 Bxc2 15. Qxc2 Nxb4 16. Qc3 b6 17. e4 {½-½ (68) Wang,H (2734)-Moiseenko,A (2648) Almaty 2016}) 9... Qc7 10. axb4 $146 ({Predecessor:} 10. Qb3 a5 11. Rc1 e5 12. d5 a4 13. Qd1 Na5 14. Qxa4 Nxd5 15. Qd1 bxa3 16. Rxa3 {1-0 (42) Adla,D (2335)-Contin,D (2310) Argentina 1989}) 10... Nxb4 11. Qd2 {White is slightly better.} a5 12. Nc3 Bd7 13. Rfc1 e5 {[#]} 14. Nd5 $1 {[%mdl 512]} Nfxd5 (14... Nbxd5 15. cxd5) 15. cxd5 Qb8 16. dxe5 dxe5 17. e4 Qd6 (17... f6 $14) 18. Qc3 $16 f6 19. Qc7 Qxc7 20. Rxc7 Bc8 21. Rac1 Rb8 (21... b6 $16 {is a better defense.}) 22. h3 b6 23. Nd2 Ba6 24. Bg4 Nd3 25. R1c6 {Re7 is the strong threat.} Bb5 26. Be6+ Kh8 27. Rc3 Nc5 28. f3 Rfe8 (28... Nxe6 $11 29. dxe6 Rfe8) 29. Bg4 $36 {[%mdl 2048] White is on the roll.} g6 30. h4 $1 Rf8 31. h5 f5 32. Bh3 Rbe8 33. h6 fxe4 $2 {[%mdl 8192] [#]} (33... a4 $16) 34. Nxe4 $18 {White is clearly winning.} Nxe4 35. fxe4 Rf1+ 36. Kh2 Rf6 37. Rf3 Rxf3 (37... Rf4 $142 38. Rb3 Ba4) 38. gxf3 Rd8 39. Be6 Re8 40. Kg3 {Accuracy: White = 83%, Black = 40%.} 1-0

[Event "ROU-ch Women 2019"]
[Site "Olanesti"]
[Date "2019.03.06"]
[Round "5.20"]
[White "Sandu, Mihaela"]
[Black "Balan, Briana-Cleopatra"]
[Result "1-0"]
[WhiteElo "2294"]
[BlackElo "1873"]
[Annotator "TA"]
[PlyCount "73"]
[EventDate "2019.03.02"]
[EventType "swiss"]
[EventCountry "ROU"]
[SourceTitle "playchess.com"]
[Source "ChessBase"]
[SourceQuality "1"]

{[%evp 29,73,49,50,48,57,41,76,67,75,84,101,75,135,137,136,117,142,159,160,147,143,150,146,145,147,122,137,152,185,169,316,248,391,149,420,306,283,198,557,515,545,454,1016,1096,915,840]} 1. e4 c5 2. Nf3 Nc6 3. d4 cxd4 4. Nxd4 g6 5. c4 Bg7 6. Be3 Nf6 7. Nc3 O-O 8. f3 d6 9. Qd2 Bd7 10. Be2 Nxd4 11. Bxd4 Bc6 12. O-O Nd7 13. Be3 a5 14. b3 Nc5 15. Rab1 e6 16. Nb5 {B38: Sicilian: Maroczy Bind with 5...Bg7 and 7...0-0} (16. a3 Be5 17. b4 axb4 18. axb4 Ra3 19. bxc5 Rxc3 20. f4 Bg7 21. e5 dxe5 22. Qxc3 exf4 23. Qd2 Qg5 {0-1 (43) Bu,X (2730)-Savchenko,B (2566) Riadh 2017}) 16... Be5 17. Bf2 $146 ({Predecessor:} 17. g3 Qe7 18. Rfd1 Rfd8 19. Bd4 Bxb5 20. cxb5 Bxd4+ 21. Qxd4 e5 22. Qe3 Ne6 23. Bc4 Nd4 {0-1 (46) Mikhalchishin,A (2479)-Wieczorek,O (2463) Katowice 2017}) 17... f5 18. exf5 {White is better.} Rxf5 19. Nd4 Bxd4 20. Qxd4 {Black must now prevent Rfd1.} Qf8 ({Better is} 20... e5 21. Qd2 Rf7) 21. Rbd1 $16 Rd8 22. Qc3 Rd7 23. a3 {[%cal Ba2a3,Ba3b4,Bb4b5][%mdl 32]} ({Reject} 23. Qxa5 $6 Nxb3 24. Qb6 Nc5 $11) 23... Rdf7 24. Bg3 e5 25. b4 axb4 26. axb4 Ne6 27. b5 Be8 28. Bd3 Rg5 {[#]} 29. Be4 $1 $36 {[%mdl 2048] White has strong initiative.} Kh8 (29... Rd7 $142 30. f4 exf4) 30. Qe3 Nf4 (30... Rd7 {was necessary.} 31. c5 dxc5 32. Rxd7 Bxd7 33. Bxb7 Qb8) 31. Qd2 $2 (31. Rfe1 $18 {and White stays clearly on top.}) 31... Bd7 $2 {[%mdl 8192]} (31... Rd7 $16 32. Ra1 Bf7) 32. Bxf4 exf4 33. Qxd6 Qc8 $2 (33... Qxd6 {is tougher.} 34. Rxd6 Kg7) 34. Qd4+ {White is clearly winning.} Rg7 35. Rf2 Rc5 {[#]} (35... Qc5 $142 36. Bxb7 Qxd4 37. Rxd4 Bxb5 38. Rd8+ (38. cxb5 Rxb7 39. Rxf4 Rgxb5 $16) 38... Rg8) 36. Bxb7 $1 $18 {[%mdl 512]} Qc7 {[#]} (36... Qxb7 37. Qxc5) 37. Bc6 $1 {Accuracy: White = 70%, Black = 18%.} 1-0

[Event "ROU-ch Women 2019"]
[Site "Olanesti"]
[Date "2019.03.07"]
[Round "6.16"]
[White "Peptan, Corina-Isabela"]
[Black "Lehaci, Miruna-Daria"]
[Result "0-1"]
[WhiteElo "2374"]
[BlackElo "2052"]
[Annotator "TA"]
[PlyCount "118"]
[EventDate "2019.03.02"]
[EventType "swiss"]
[EventCountry "ROU"]
[SourceTitle "playchess.com"]
[Source "ChessBase"]
[SourceQuality "1"]

{[%evp 10,118,29,25,18,-30,-11,-24,10,7,16,0,215,27,23,26,31,15,37,23,35,21,53,70,56,60,62,37,31,15,69,67,79,71,87,20,42,29,45,9,94,76,77,71,114,45,50,38,57,6,61,0,50,4,31,-141,-149,-143,-143,-143,-143,-128,-154,-142,-65,-62,-45,-173,-164,-212,-179,-189,-197,-323,-329,-689,-470,-604,-558,-606,-442,-1570,-1514,-1514,-656,-622,-617,-795,-764,-2109,-1916,-775,-1591,-1241,-1211,-1080,-1060,-1013,-986,-687,-435,-1701,-1481,-29975,-29973,-29997,-29997,-29997,-29998,-29998,-29999]} 1. d4 Nf6 2. c4 e6 3. g3 c5 4. d5 exd5 5. cxd5 d6 6. Nc3 g6 {A60: Modern Benoni: Early Divergences} 7. Qa4+ (7. Nf3 Bg7 8. Bg2 O-O 9. O-O Re8 10. Re1 a6 11. a4 b6 12. h3 Nbd7 13. e4 Qc7 14. Bd2 h6 15. Rb1 Rb8 16. Bf1 g5 17. Qc2 Nf8 18. b4 Ng6 19. b5 a5 {0-1 (49) Ni,H (2683)-Maghsoodloo,P (2688) Makati 2018}) 7... Bd7 8. Qb3 $146 ({Predecessor:} 8. Qh4 h6 9. Bh3 Bg7 10. Bxd7+ Nbxd7 11. Qf4 Qe7 12. h4 O-O 13. Nf3 Nb6 14. Qd2 {0-1 (26) Packa,L (2238)-Zatko,G (2063) Slovakia 2012}) 8... Bg7 {Black has an edge.} 9. Qxb7 O-O 10. Nf3 Bc8 $2 (10... Qb6 $1 $11 11. Qxb6 (11. Qxa8 Na6 $11) 11... axb6) 11. Qb3 $2 (11. Qxa8 $18 Qb6 12. Na4 Qb4+ 13. Bd2 Qxa4 14. Qxb8) 11... Na6 $11 12. Bg2 Rb8 13. Qd1 Re8 14. O-O Nc7 15. Re1 Ne4 16. Nxe4 Rxe4 17. Nd2 Re8 18. Ne4 Rb4 19. Nc3 f5 (19... Nb5 $11) 20. e3 Qf6 21. a3 Rb8 22. Bf1 (22. Qc2 $16) 22... Bd7 23. Rb1 Qf7 24. Qc2 Kh8 ({Don't go for} 24... Nxd5 $2 25. Nxd5 Re5 26. Nc3 $18) (24... Bxc3 $11 {remains equal.} 25. bxc3 Ba4) 25. Bg2 a5 26. Bd2 Re7 27. f4 (27. Ne2 $16) 27... Bc8 $14 28. Rbd1 Bb7 29. Bc1 (29. a4 $14) 29... Kg8 (29... Ba6 $11) 30. Qd2 ({Better is} 30. b3 $14) 30... Rbe8 31. a4 Ba6 32. Nb5 $2 (32. Qc2 $14 {keeps the upper hand.}) 32... Nxb5 $17 33. axb5 Bxb5 34. Qxa5 {[#]} Rb8 $1 35. b3 Ra7 36. Qd2 Bd7 (36... Rba8 $17 {...Ra2 is the strong threat.} 37. Bb2 Ra2) 37. Qc2 $15 Rab7 38. e4 ({White should try} 38. Rd3 $1 $15) 38... fxe4 $19 ({Don't do} 38... Rxb3 39. e5 $11) 39. Qxe4 Bf5 $36 {[%mdl 2048] Black is really pushing.} 40. Qe2 Rxb3 41. Be4 (41. g4 {is a better defense.} Bd7 42. Kh1) 41... Bd4+ 42. Kf1 $2 (42. Rxd4 cxd4 43. Bxf5 Qxf5 44. Qe6+ Qxe6 45. dxe6) 42... Re8 43. Qg2 Bg4 44. Rd3 Qd7 45. Bxg6 (45. Rxb3 $142 Bh3 46. Rd3) 45... Rxe1+ 46. Kxe1 Bc3+ (46... Qe7+ $142 47. Kd2 Qb7 48. Rxd4 cxd4) 47. Rxc3 Rxc3 48. Bd2 Ra3 ({Not} 48... hxg6 49. Bxc3 Qf5 50. h3 $17) 49. Qe4 hxg6 50. Qxg6+ Qg7 51. Qe8+ Kh7 {( -> ...Qa1+)} 52. Qe4+ Kh8 53. Qe8+ {[#]} Qg8 $1 {[%cal Rg8e8]} 54. Qe7 Bh5 55. Qf6+ (55. Qxd6 $142 Qe8+ 56. Qe5+ Qxe5+ 57. fxe5) 55... Qg7 56. Qd8+ Kh7 {Black mates.} 57. f5 Ra1+ 58. Kf2 Qd4+ {[%mdl 64] Double Attack} 59. Kg2 Rg1+ {Accuracy: White = 26%, Black = 46%.} 0-1